| 000 | 00808pam a2200289 a 4500 | ||
|---|---|---|---|
| 999 |
_c5484 _d5484 |
||
| 001 | 5484 | ||
| 003 | BD-JhCC | ||
| 005 | 20221124134023.0 | ||
| 008 | 870106s1987 cau 000 0 eng | ||
| 020 | _a0534078664 | ||
| 035 | _a(BD-JhCC)5484 | ||
| 040 |
_aDLC _cDLC _dDLC |
||
| 041 | _aeng | ||
| 050 | 0 | 0 |
_aQA154.2 _b.W55 1987 |
| 082 | 0 | 0 |
_a512.9 _219 _bINT 1981 |
| 100 | 1 | _aWillis, Alden T. | |
| 245 | 1 | 0 |
_aIntermediate algebra / _cAlden T. Willis, Carol L. Johnston. |
| 250 | _a2nd ed. / | ||
| 260 |
_aBelmont, Calif. : _bWadsworth, _cc1987. |
||
| 300 |
_axi, 418, 92 p. ; _c25 cm. |
||
| 490 | 1 | _aThe Johnston/Willis developmental mathematics series | |
| 650 | 0 | _aAlgebra. | |
| 700 | 1 |
_aJohnston, C. L. _q(Carol Lee), _d1911- |
|
| 700 | 1 | _aSteig, Mary Jo. | |
| 942 |
_2ddc _cBK _02 |
||